00634nam a2200169 i 4500001000300000245017400003260005200177300002500229650003500254650003300289655002600322020003200348040000800380041000800388080002700396008004100423bg10aCambridge first certificate in English 6 :bteacher's book : examination papers from University of Cambridge ESOL examinations ; English for speakers of other languages. aCambridge :bCambridge University Press,c2003. a[4], 89 s. ;c25 cm. 9aEgzaminyxszkolnictwo wyższe 9aJęzyk angielskixnauczanie aĆwiczenia i zadania a0521754461 (Teacher's book) cBPK0 aeng a811.111(076):371.279.6 s pl f |000 0 pol